[Event "Mecklenburg VP VL 1718"]
[Site "Mecklenburg VP"]
[Date "2018.04.22"]
[Round "9.7"]
[White "Winkler, Karl"]
[Black "Dittrich, Carsten"]
[Result "1/2-1/2"]
[WhiteElo "1829"]
[BlackElo "1819"]
[PlyCount "30"]
[EventDate "2017.10.08"]
[EventType "team-tourn"]
[EventRounds "9"]
[EventCountry "GER"]
[SourceTitle "EXT 2022"]
[Source "ChessBase"]
[SourceDate "2021.10.06"]
[SourceVersion "1"]
[SourceVersionDate "2021.10.06"]
[SourceQuality "1"]
[WhiteTeam "Neubrandenburg SG Eintracht"]
[BlackTeam "Schwerin SF III"]
[WhiteTeamCountry "GER"]
[BlackTeamCountry "GER"]

1. e4 c5 2. Nf3 Nc6 3. d4 cxd4 4. Nxd4 e5 5. Nxc6 bxc6 6. Nc3 Bc5 7. Bc4 Ne7 8. 0-0 Ng6 9. Qe2 0-0 10. Be3 Bxe3 11. Qxe3 d6 12. Rfd1 Qe7 13. Rd2 Be6 14. Bb3 Rfd8 15. Rad1 Bxb3 1/2-1/2

[Event "Mecklenburg VP VL 1718"]
[Site "Mecklenburg VP"]
[Date "2018.02.25"]
[Round "6.7"]
[White "Dittrich, Carsten"]
[Black "Schulz, Daniel"]
[Result "1/2-1/2"]
[WhiteElo "1819"]
[BlackElo "1764"]
[PlyCount "29"]
[EventDate "2017.10.08"]
[EventType "team-tourn"]
[EventRounds "9"]
[EventCountry "GER"]
[SourceTitle "EXT 2022"]
[Source "ChessBase"]
[SourceDate "2021.10.06"]
[SourceVersion "1"]
[SourceVersionDate "2021.10.06"]
[SourceQuality "1"]
[WhiteTeam "Schwerin SF II"]
[BlackTeam "Neubrandenburg SG Eintracht"]
[WhiteTeamCountry "GER"]
[BlackTeamCountry "GER"]

1. d4 Nf6 2. Nc3 e6 3. Bg5 Be7 4. e4 b6 5. Nf3 Bb7 6. Bd3 c5 7. e5 Nd5 8. Ne4 0-0 9. c4 Bxg5 10. Nfxg5 Nf4 11. Nxh7 Qh4 12. Nhg5 f6 13. g3 Nxd3+ 14. Qxd3 Qh5 15. exf6 1/2-1/2

[Event "Mecklenburg VP VL 1516"]
[Site "Mecklenburg VP"]
[Date "2015.12.13"]
[Round "4.6"]
[White "Dittrich, Carsten"]
[Black "Massloch, Philipp"]
[Result "1-0"]
[WhiteElo "1828"]
[BlackElo "1663"]
[PlyCount "101"]
[EventDate "2015.09.20"]
[EventType "team-tourn"]
[EventRounds "9"]
[EventCountry "GER"]
[SourceTitle "EXT 2022"]
[Source "ChessBase"]
[SourceDate "2021.10.06"]
[SourceVersion "1"]
[SourceVersionDate "2021.10.06"]
[SourceQuality "1"]
[WhiteTeam "Schwerin SF IV"]
[BlackTeam "Torgelow Droegeheide"]
[WhiteTeamCountry "GER"]
[BlackTeamCountry "GER"]

1. d4 Nf6 2. Nc3 g6 3. e4 d5 4. e5 Ne4 5. Nce2 c5 6. f3 Qa5+ 7. c3 cxd4 8. fxe4 dxc3 9. Nxc3 dxe4 10. Qd5 Qxd5 11. Nxd5 Kd8 12. Bd2 Nc6 13. Bc3 Be6 14. 0-0-0 Kc8 15. Kb1 Bg7 16. Be2 Rd8 17. Nf4 Rxd1+ 18. Bxd1 Bc4 19. e6 Bxc3 20. bxc3 f5 21. Be2 Bxe2 22. Ngxe2 Kc7 23. Rd1 Rd8 24. Rxd8 Nxd8 25. h4 Kd6 26. Kc2 Nxe6 27. Nxe6 Kxe6 28. Kd2 Kd5 29. Nf4+ Kd6 30. Nh3 e5 31. Ng5 h5 32. Nf7+ Ke7 33. Nxe5 Kf6 34. Nd7+ Ke7 35. Nc5 b6 36. Na6 Kd6 37. Nb4 a5 38. Nc2 b5 39. g3 Ke5 40. Ke3 Kd5 41. Na3 b4 42. cxb4 axb4 43. Nc2 Kc4 44. Kd2 b3 45. Ne3+ Kb4 46. axb3 Kxb3 47. Nd5 Kc4 48. Nf4 Kd4 49. Nxg6 e3+ 50. Ke2 Ke4 51. Nf4 1-0

[Event "Mecklenburg VP VL 1415"]
[Site "Mecklenburg VP"]
[Date "2014.11.23"]
[Round "3.7"]
[White "Schmidt, Reinhard"]
[Black "Dittrich, Carsten"]
[Result "1/2-1/2"]
[WhiteElo "1815"]
[BlackElo "1845"]
[PlyCount "63"]
[EventDate "2014.09.21"]
[EventType "team-tourn"]
[EventRounds "9"]
[EventCountry "GER"]
[SourceTitle "EXT 2022"]
[Source "ChessBase"]
[SourceDate "2021.10.06"]
[SourceVersion "1"]
[SourceVersionDate "2021.10.06"]
[SourceQuality "1"]
[WhiteTeam "Warnemuende SF Ostsee"]
[BlackTeam "Schwerin SF III"]
[WhiteTeamCountry "GER"]
[BlackTeamCountry "GER"]

1. e4 c6 2. d4 d5 3. exd5 cxd5 4. Bd3 Nc6 5. c3 Nf6 6. f3 e5 7. dxe5 Nxe5 8. Bc2 Bc5 9. Ne2 Nh5 10. Nd4 Qh4+ 11. Ke2 0-0 12. Qe1 Qe7 13. Kd1 Re8 14. Nd2 Qf6 15. Qf1 Bxd4 16. cxd4 Nc6 17. Qd3 g6 18. Nb3 Bf5 19. Qd2 Bxc2+ 20. Kxc2 Rac8 21. Kd1 Ng7 22. Qf4 Qe6 23. Qd2 b6 24. Re1 Qxe1+ 25. Qxe1 Rxe1+ 26. Kxe1 Nf5 27. Bg5 Nfxd4 28. Nxd4 Nxd4 29. Rd1 Ne6 30. Bf6 d4 31. Rd2 h6 32. Bxd4 1/2-1/2

[Event "Mecklenburg VP VL 1011"]
[Site "Mecklenburg VP"]
[Date "2011.01.16"]
[Round "5.8"]
[White "Dittrich, Carsten"]
[Black "Wagner, Swenja"]
[Result "1-0"]
[WhiteElo "1800"]
[BlackElo "999"]
[PlyCount "53"]
[EventDate "2010.10.10"]
[EventType "team-tourn"]
[EventRounds "9"]
[EventCountry "GER"]
[SourceTitle "EXT 2022"]
[Source "ChessBase"]
[SourceDate "2021.10.06"]
[SourceVersion "1"]
[SourceVersionDate "2021.10.06"]
[SourceQuality "1"]
[WhiteTeam "Neukloster II"]
[BlackTeam "Gryps SV"]
[WhiteTeamCountry "GER"]
[BlackTeamCountry "GER"]

1. d4 d5 2. Nc3 Nf6 3. Bg5 e6 4. e4 Be7 5. e5 Ne4 6. Bxe7 Qxe7 7. Nxe4 dxe4 8. c3 b6 9. Qg4 f5 10. exf6 Qxf6 11. Qxe4 c6 12. Nf3 0-0 13. Bd3 g6 14. h4 Qf5 15. h5 Qxe4+ 16. Bxe4 Kg7 17. hxg6 h6 18. 0-0-0 Bb7 19. Ne5 Re8 20. Rd3 a5 21. Rdh3 Kf8 22. Rxh6 Ke7 23. Rh7+ Kd8 24. Rxb7 b5 25. Rhh7 Rf8 26. Nf7+ Rxf7 27. Rh8+ 1-0

[Event "Mecklenburg VP-ch"]
[Site "Nakenstorf"]
[Date "2010.04.04"]
[Round "8.5"]
[White "Dittrich, Carsten"]
[Black "Dettmann, Gerd"]
[Result "1/2-1/2"]
[WhiteElo "1974"]
[BlackElo "2167"]
[PlyCount "41"]
[EventDate "2010.04.01"]
[EventType "swiss"]
[EventRounds "9"]
[EventCountry "GER"]
[SourceTitle "EXT 2022"]
[Source "ChessBase"]
[SourceDate "2021.10.06"]
[SourceVersion "1"]
[SourceVersionDate "2021.10.06"]
[SourceQuality "1"]

1. e4 c5 2. Nc3 a6 3. a4 Nc6 4. g3 Nf6 5. Bg2 g6 6. d3 Bg7 7. Be3 d6 8. h3 0-0 9. Nge2 Rb8 10. Qd2 Re8 11. 0-0 b5 12. axb5 axb5 13. f4 b4 14. Nd1 Bb7 15. c3 Qc7 16. f5 bxc3 17. bxc3 Ne5 18. g4 c4 19. d4 Nd3 20. Ng3 Bc6 21. d5 1/2-1/2

[Event "Mecklenburg VP-ch"]
[Site "Nakenstorf"]
[Date "2010.04.01"]
[Round "2.6"]
[White "Kliewe, Hans Juergen"]
[Black "Dittrich, Carsten"]
[Result "1-0"]
[WhiteElo "2123"]
[BlackElo "1974"]
[PlyCount "33"]
[EventDate "2010.04.01"]
[EventType "swiss"]
[EventRounds "9"]
[EventCountry "GER"]
[SourceTitle "EXT 2022"]
[Source "ChessBase"]
[SourceDate "2021.10.06"]
[SourceVersion "1"]
[SourceVersionDate "2021.10.06"]
[SourceQuality "1"]

1. d4 Nf6 2. Nf3 e6 3. Bf4 b6 4. e3 Bb7 5. Bd3 Ne4 6. 0-0 f5 7. c4 d6 8. Nc3 Be7 9. Bxe4 Bxe4 10. Nxe4 fxe4 11. Nd2 d5 12. Qg4 Kf7 13. f3 h5 14. Qh3 g5 15. Be5 Rh6 16. fxe4+ Kg8 17. Qf3 1-0

[Event "Mecklenburg VP LL2 West 0910"]
[Site "Mecklenburg VP"]
[Date "2010.02.28"]
[Round "7.5"]
[White "Schmidt, Wolfgang"]
[Black "Dittrich, Carsten"]
[Result "1/2-1/2"]
[WhiteElo "2249"]
[BlackElo "1783"]
[PlyCount "34"]
[EventDate "2009.10.18"]
[EventType "team-tourn"]
[EventRounds "9"]
[EventCountry "GER"]
[SourceTitle "EXT 2016"]
[Source "ChessBase"]
[SourceDate "2015.10.08"]
[SourceVersion "1"]
[SourceVersionDate "2015.10.08"]
[SourceQuality "1"]
[WhiteTeam "Schwerin SF III"]
[BlackTeam "Neukloster III"]
[WhiteTeamCountry "GER"]
[BlackTeamCountry "GER"]

1. c4 g6 2. Nf3 Bg7 3. d4 d6 4. b3 c5 5. Bb2 Nc6 6. e3 Bg4 7. Be2 e6 8. 0-0 h5 9. h3 Bf5 10. Nbd2 e5 11. d5 Nb8 12. e4 Bd7 13. Nh2 Nh6 14. f4 f5 15. Nhf3 Nf7 16. Qe1 Bf6 17. Rb1 a5 1/2-1/2

[Event "Mecklenburg VP-ch"]
[Site "Nakenstorf"]
[Date "2008.03.21"]
[Round "4"]
[White "Dittrich, Carsten"]
[Black "Moeller, Peter"]
[Result "0-1"]
[WhiteElo "1953"]
[BlackElo "2142"]
[PlyCount "54"]
[EventDate "2008.03.20"]
[EventType "swiss"]
[EventRounds "9"]
[EventCountry "GER"]
[SourceTitle "EXT 2010"]
[Source "ChessBase"]
[SourceDate "2010.11.25"]
[SourceVersion "1"]
[SourceVersionDate "2010.11.25"]
[SourceQuality "1"]

1. e4 c6 2. d4 g6 3. Nc3 d5 4. Be3 Bg7 5. Qd2 h5 6. f3 Nh6 7. 0-0-0 dxe4 8. fxe4 Ng4 9. Bf4 e5 10. dxe5 Qxd2+ 11. Rxd2 Nxe5 12. Nf3 Nxf3 13. gxf3 Be6 14. Kb1 Nd7 15. Bd6 Ne5 16. Rf2 0-0-0 17. Bc5 b6 18. Ba6+ Kc7 19. Be3 b5 20. a4 Nc4 21. Bg5 Bxc3 22. Bxd8+ Rxd8 23. bxc3 Kb6 24. axb5 cxb5 25. Bxb5 Kxb5 26. Ka1 Rd6 27. f4 Nd2 0-1

[Event "Mecklenburg VP-ch"]
[Site "Nakenstorf"]
[Date "2008.03.21"]
[Round "3"]
[White "Roehl, Rainer"]
[Black "Dittrich, Carsten"]
[Result "1/2-1/2"]
[WhiteElo "2170"]
[BlackElo "1953"]
[PlyCount "36"]
[EventDate "2008.03.20"]
[EventType "swiss"]
[EventRounds "9"]
[EventCountry "GER"]
[SourceTitle "EXT 2010"]
[Source "ChessBase"]
[SourceDate "2010.11.25"]
[SourceVersion "1"]
[SourceVersionDate "2010.11.25"]
[SourceQuality "1"]

1. d4 e6 2. Nf3 b6 3. e4 Bb7 4. Bd3 Nf6 5. Bg5 Be7 6. Qe2 d6 7. Nbd2 h6 8. Bxf6 Bxf6 9. e5 Be7 10. Ne4 Nd7 11. Rd1 0-0 12. 0-0 a5 13. c3 Qc8 14. Bb1 Rd8 15. Qe3 a4 16. Qf4 dxe5 17. Nxe5 Nxe5 18. Qxe5 Ra5 1/2-1/2

[Event "Mecklenburg VP-ch Meister"]
[Site "Nakensdorf"]
[Date "2007.04.07"]
[Round "5.8"]
[White "Hamann, Dirk"]
[Black "Dittrich, Carsten"]
[Result "1-0"]
[WhiteElo "1885"]
[BlackElo "1938"]
[PlyCount "29"]
[EventDate "2007.04.05"]
[EventType "swiss"]
[EventRounds "9"]
[EventCountry "GER"]
[SourceTitle "EXT 2015"]
[Source "ChessBase"]
[SourceDate "2014.11.20"]
[SourceVersion "1"]
[SourceVersionDate "2014.11.20"]
[SourceQuality "1"]

1. e4 d6 2. d4 e5 3. Nf3 Nc6 4. Nc3 Bg4 5. dxe5 Nxe5 6. Be2 Nxf3+ 7. Bxf3 Bxf3 8. Qxf3 Be7 9. 0-0 Bf6 10. Bf4 Be5 11. Bxe5 dxe5 12. Rad1 Qf6 13. Qg4 g6 14. Qd7+ Kf8 15. Qxc7 1-0

[Event "Mecklenburg VP LL2 0607"]
[Site "Mecklenburg VP"]
[Date "2006.11.19"]
[Round "3.4"]
[White "Dittrich, Carsten"]
[Black "Higgelke, Anne"]
[Result "1-0"]
[WhiteElo "1938"]
[BlackElo "2004"]
[PlyCount "81"]
[EventDate "2006.10.15"]
[EventType "team"]
[EventRounds "9"]
[EventCountry "GER"]
[SourceTitle "EXT 2009"]
[Source "ChessBase"]
[SourceDate "2008.11.26"]
[SourceVersion "1"]
[SourceVersionDate "2008.11.26"]
[SourceQuality "1"]
[WhiteTeam "Neukloster II"]
[BlackTeam "Schwerin II"]
[WhiteTeamCountry "GER"]
[BlackTeamCountry "GER"]

1. d4 Nf6 2. Nc3 e6 3. e4 Bb4 4. a3 Bxc3+ 5. bxc3 Nxe4 6. Qg4 Nf6 7. Qxg7 Rg8 8. Qh6 Rg6 9. Qh4 Nd5 10. Qxd8+ Kxd8 11. Bd3 Rxg2 12. Ne2 Rg4 13. h3 Rg8 14. Bxh7 Rg7 15. Bd3 Nc6 16. Bh6 Rg8 17. 0-0-0 b6 18. Rdg1 Rxg1+ 19. Rxg1 Bb7 20. c4 Nde7 21. h4 d6 22. h5 Kd7 23. Bg7 f5 24. h6 Nd8 25. h7 Nf7 26. Nf4 e5 27. dxe5 dxe5 28. Ng6 Nxg6 29. Rxg6 e4 30. Be2 Nh8 31. Bh5 Ke7 32. Bf6+ Kd7 33. Rg8 f4 34. Rxh8 e3 35. fxe3 fxe3 36. Rxa8 Bxa8 37. h8Q e2 38. Qe8+ Kd6 39. Qe5+ Kd7 40. Bg4+ Kc6 41. Qd5# 1-0

[Event "Mecklenburg VP-ch MT"]
[Site "Nakenstorf"]
[Date "2006.04.16"]
[Round "8.10"]
[White "Schinke, Andreas"]
[Black "Dittrich, Carsten"]
[Result "1-0"]
[WhiteElo "2151"]
[BlackElo "1885"]
[PlyCount "61"]
[EventDate "2006.04.13"]
[EventType "swiss"]
[EventRounds "9"]
[EventCountry "GER"]
[SourceTitle "EXT 2022"]
[Source "ChessBase"]
[SourceDate "2021.10.06"]
[SourceVersion "1"]
[SourceVersionDate "2021.10.06"]
[SourceQuality "1"]

1. e4 e5 2. Nc3 Nc6 3. f4 exf4 4. Nf3 d6 5. d4 Be7 6. Bxf4 Nf6 7. Qd2 a6 8. 0-0-0 b5 9. Bd3 0-0 10. e5 Nh5 11. Be3 d5 12. g4 Bxg4 13. Qg2 Bxf3 14. Qxf3 Bg5 15. Bxg5 Qxg5+ 16. Kb1 Nf4 17. Rhg1 Qh6 18. Qe3 Kh8 19. Bf5 Ne7 20. Bg4 Nfg6 21. Qxh6 gxh6 22. Rdf1 Ra7 23. Rf6 Ng8 24. Rf2 c6 25. Rgf1 Kg7 26. Ne2 Re8 27. Ng3 Nxe5 28. dxe5 Rxe5 29. Nh5+ Kh8 30. b3 a5 31. Rxf7 1-0

[Event "Mecklenburg VP-ch MT"]
[Site "Nakenstorf"]
[Date "2006.04.14"]
[Round "3.9"]
[White "Schroeder, Christian"]
[Black "Dittrich, Carsten"]
[Result "1/2-1/2"]
[WhiteElo "2034"]
[BlackElo "1885"]
[PlyCount "111"]
[EventDate "2006.04.13"]
[EventType "swiss"]
[EventRounds "9"]
[EventCountry "GER"]
[SourceTitle "EXT 2022"]
[Source "ChessBase"]
[SourceDate "2021.10.06"]
[SourceVersion "1"]
[SourceVersionDate "2021.10.06"]
[SourceQuality "1"]

1. d4 Nf6 2. c4 e6 3. Nf3 c5 4. Nc3 cxd4 5. Nxd4 Nc6 6. Nxc6 dxc6 7. Qxd8+ Kxd8 8. Bg5 Kc7 9. Bf4+ Bd6 10. Bxd6+ Kxd6 11. e4 e5 12. Be2 Be6 13. g3 Nd7 14. f4 f6 15. 0-0-0+ Kc7 16. Rd2 Rhd8 17. Rhd1 Nc5 18. b4 Rxd2 19. Rxd2 Nd7 20. f5 Bf7 21. Kb2 Rd8 22. Nd1 Nb6 23. Rxd8 Kxd8 24. Kb3 Nc8 25. Kc3 Nd6 26. Bd3 Bh5 27. Nf2 Bf7 28. a4 Kc7 29. c5 Nc8 30. Bc4 Bxc4 31. Kxc4 Ne7 32. h4 h5 33. g4 hxg4 34. Nxg4 Ng8 35. Ne3 Nh6 36. b5 Ng8 37. Kb4 Ne7 38. Nc4 Nc8 39. h5 cxb5 40. axb5 b6 41. c6 a5+ 42. bxa6 Kxc6 43. Nd2 Nd6 44. Ka4 Kc7 45. Kb4 Kb8 46. Nc4 Nxe4 47. Nxb6 Ka7 48. Ka5 Nd6 49. Nd5 Nxf5 50. Nc7 Nd6 51. Ne6 e4 52. Kb4 Kxa6 53. Kc3 Kb5 54. Nxg7 Kc5 55. h6 Kd5 56. Ne8 1/2-1/2

[Event "Mecklenburg VP LL2 0506"]
[Site "Mecklenburg VP"]
[Date "2005.11.27"]
[Round "3.6"]
[White "Dittrich, Carsten"]
[Black "Boecking, Uwe"]
[Result "1/2-1/2"]
[WhiteElo "1885"]
[BlackElo "1706"]
[PlyCount "143"]
[EventDate "2005.10.23"]
[EventType "team"]
[EventRounds "9"]
[EventCountry "GER"]
[SourceTitle "EXT 2009"]
[Source "ChessBase"]
[SourceDate "2008.11.26"]
[SourceVersion "1"]
[SourceVersionDate "2008.11.26"]
[SourceQuality "1"]
[WhiteTeam "Schwerin SV Einheit"]
[BlackTeam "Warnemuende SF Ostsee II"]
[WhiteTeamCountry "GER"]
[BlackTeamCountry "GER"]

1. e4 c5 2. Nf3 Nc6 3. d4 cxd4 4. Nxd4 e6 5. Nc3 a6 6. Be3 Qc7 7. Qd2 Nf6 8. f3 b5 9. g4 d6 10. 0-0-0 Bb7 11. Qf2 Ne5 12. Bf4 Rc8 13. Bxe5 dxe5 14. Nb3 Bb4 15. Nb1 0-0 16. h4 Qc6 17. Bd3 Bc5 18. Nxc5 Qxc5 19. Qxc5 Rxc5 20. Nd2 Rfc8 21. Nb3 R5c7 22. Rh2 Nd7 23. Rhd2 Kf8 24. Bxb5 axb5 25. Rxd7 Rxc2+ 26. Kb1 R2c7 27. Na5 Ke8 28. Rxc7 Rxc7 29. Nxb7 Rxb7 30. Kc2 Rc7+ 31. Kb3 Rc4 32. Rd3 f5 33. exf5 exf5 34. Rd5 fxg4 35. Rxb5 Rf4 36. Rxe5+ Kd7 37. fxg4 Rxg4 38. Rg5 Rxh4 39. Rxg7+ Kc6 40. Rg2 h5 41. Kc3 Kb5 42. Kd3 Kb6 43. Ke3 Rh1 44. Kf3 Kb5 45. Kg3 h4+ 46. Kf3 h3 47. Rf2 h2 48. a3 Ka4 49. Kg2 Rd1 50. Kxh2 Kb3 51. Kg2 Rd8 52. Kf1 Re8 53. Re2 Rf8+ 54. Ke1 Rh8 55. Kf2 Rc8 56. Ke3 Re8+ 57. Kd2 Rc8 58. Kd1 Rc7 59. Ke1 Rc8 60. Kf2 Rc7 61. Kf1 Rc8 62. Kg2 Rc7 63. Kf3 Rc8 64. Ke4 Rc7 65. Kd5 Rc8 66. Kd6 Rc1 67. Kd7 Rc5 68. Kd6 Rc4 69. Rh2 Rc8 70. Kd5 Rc7 71. Kd4 Rc8 72. a4 1/2-1/2

[Event "Mecklenburg VP LL2 0506"]
[Site "Mecklenburg VP"]
[Date "2005.10.23"]
[Round "1.5"]
[White "Dittrich, Carsten"]
[Black "Modrow, Hartmut"]
[Result "0-1"]
[WhiteElo "1885"]
[BlackElo "1701"]
[PlyCount "72"]
[EventDate "2005.10.23"]
[EventType "team"]
[EventRounds "9"]
[EventCountry "GER"]
[SourceTitle "EXT 2009"]
[Source "ChessBase"]
[SourceDate "2008.11.26"]
[SourceVersion "1"]
[SourceVersionDate "2008.11.26"]
[SourceQuality "1"]
[WhiteTeam "Schwerin SV Einheit"]
[BlackTeam "Rostock PSV III"]
[WhiteTeamCountry "GER"]
[BlackTeamCountry "GER"]

1. e4 d5 2. d4 dxe4 3. Nc3 Nf6 4. Bg5 Bf5 5. Bc4 Nbd7 6. Qd2 h6 7. Bxf6 Nxf6 8. 0-0-0 a6 9. h3 e6 10. d5 exd5 11. Nxd5 Be6 12. Ne2 Nxd5 13. Bxd5 Bxd5 14. Qxd5 Qxd5 15. Rxd5 Bd6 16. c4 0-0-0 17. Rhd1 Be7 18. Rxd8+ Rxd8 19. Rxd8+ Kxd8 20. Ng3 Bg5+ 21. Kd1 e3 22. f3 g6 23. Ne4 f5 24. Nc5 Kc8 25. Ne6 Bf6 26. b3 g5 27. Ke2 f4 28. g3 Be5 29. Nc5 Bd6 30. Ne4 b6 31. gxf4 gxf4 32. Kd3 Be5 33. b4 Kd7 34. c5 Kc6 35. a3 b5 36. Ke2 Bb2 0-1